[Event "Yalta op"]
[Site "Yalta"]
[Date "1996.??.??"]
[Round "2"]
[White "Izmukhambetov, Salauat"]
[Black "Kostenko, Igor"]
[Result "0-1"]
[WhiteElo "2465"]
[BlackElo "2285"]
[PlyCount "86"]
[EventDate "1996.??.??"]
[EventType "swiss"]
[EventRounds "11"]
[EventCountry "UKR"]
[SourceTitle "EXT 1998"]
[Source "ChessBase"]
[SourceDate "1997.11.17"]
[SourceVersion "1"]
[SourceVersionDate "1997.11.17"]
[SourceQuality "1"]

1. e4 e6 2. d4 d5 3. e5 c5 4. c3 Qb6 5. Nf3 Bd7 6. a3 c4 7. Nbd2 Qa5 8. Qc2 Ba4 9. Qb1 Nc6 10. Be2 Qb6 11. 0-0 Na5 12. Ng5 Be7 13. f4 g6 14. g4 Bxg5 15. fxg5 h6 16. Nf3 h5 17. Nh4 Ne7 18. gxh5 Nb3 19. Bd1 Qa6 20. Ra2 Nxc1 21. Qxc1 Bxd1 22. Qxd1 Rxh5 23. Qg4 Rh7 24. Raa1 Kd7 25. Rf4 Rah8 26. Qg3 Qb6 27. Qf2 Qb3 28. Rf1 a5 29. Ra1 b5 30. Rg4 Nf5 31. Nf3 Rh3 32. Kg2 Kc6 33. Re1 b4 34. axb4 axb4 35. Rc1 bxc3 36. Rxc3 Qb4 37. Qd2 Kd7 38. b3 Rxf3 39. Kxf3 Rh3+ 40. Rg3 Rxh2 41. Qc1 Nxd4+ 42. Kg4 Ne2 43. Qa3 Qxa3 0-1

[Event "Yalta op"]
[Site "Yalta"]
[Date "1996.??.??"]
[Round "7"]
[White "Tihonov, Jurij"]
[Black "Kostenko, Igor"]
[Result "0-1"]
[WhiteElo "2365"]
[BlackElo "2285"]
[PlyCount "86"]
[EventDate "1996.??.??"]
[EventType "swiss"]
[EventRounds "11"]
[EventCountry "UKR"]
[SourceTitle "EXT 1998"]
[Source "ChessBase"]
[SourceDate "1997.11.17"]
[SourceVersion "1"]
[SourceVersionDate "1997.11.17"]
[SourceQuality "1"]

1. d4 Nf6 2. c4 c5 3. d5 e6 4. Nc3 exd5 5. cxd5 d6 6. e4 g6 7. Nf3 Bg7 8. Be2 0-0 9. Bf4 b5 10. Bxb5 Nxe4 11. Nxe4 Qa5+ 12. Qd2 Qxb5 13. Nxd6 Qxb2 14. Qxb2 Bxb2 15. Rb1 Bc3+ 16. Bd2 Bg7 17. 0-0 Ba6 18. Rfc1 Nd7 19. Bf4 Rfd8 20. Rb3 Nf6 21. Rxc5 Bf8 22. Rc6 Nxd5 23. Bg3 Be2 24. Nd4 Bd1 25. Rb1 Ba4 26. Ra6 Rab8 27. Rxb8 Rxb8 28. h3 Rb4 29. Nf3 Nc3 30. Kh2 Rb6 31. Rxb6 axb6 32. a3 Nb1 33. Ng5 Nxa3 34. Ngxf7 b5 35. Ng5 b4 36. Nde4 Nc4 37. Ne6 b3 38. Nxf8 b2 39. Nc3 Kxf8 40. Kg1 Bc2 41. f3 Kf7 42. Bf2 Na3 43. Bg3 Ke6 0-1

[Event "Katowice Fibak op"]
[Site "Katowice"]
[Date "1993.??.??"]
[Round "4"]
[White "Kostenko, Igor"]
[Black "Gurevich, Vladimir"]
[Result "0-1"]
[WhiteElo "2300"]
[BlackElo "2425"]
[PlyCount "80"]
[EventDate "1993.01.??"]
[EventType "swiss"]
[EventRounds "9"]
[EventCountry "POL"]
[SourceTitle "EXT 1998"]
[Source "ChessBase"]
[SourceDate "1997.11.17"]
[SourceVersion "1"]
[SourceVersionDate "1997.11.17"]
[SourceQuality "1"]

1. c4 Nf6 2. Nf3 g6 3. g3 Bg7 4. Bg2 0-0 5. 0-0 d6 6. d4 Nbd7 7. Qc2 e5 8. Rd1 Qe7 9. b3 Re8 10. Nc3 c6 11. Ba3 e4 12. Ng5 e3 13. f4 Nf8 14. Qc1 Bf5 15. h3 h5 16. d5 c5 17. Bb2 N6h7 18. Nce4 Bxe4 19. Nxe4 Bxb2 20. Qxb2 f5 21. Nc3 h4 22. g4 fxg4 23. hxg4 h3 24. Bf3 Qf6 25. f5 Ng5 26. Rf1 Nd7 27. Kh1 Qe5 28. fxg6 Rf8 29. Na4 Qg3 30. Rg1 Qf4 31. Raf1 Ne5 32. g7 Rf7 33. Nc3 Nexf3 34. exf3 Nxf3 35. Qe2 Nxg1 36. Rxf4 Nxe2 37. Nxe2 Rxf4 38. Nxf4 Kxg7 39. Kh2 Rf8 40. Ne6+ Kg8 0-1